च्ंतंउंजउंचतंांें ूपजी जीम ेंदेातपज बवउउ इल ठतंीउंकमअं ंदक भ्पदकप जत इल क्ंनसंजंतंउं, ल्वहपदकनकमअं; परमात्मप्रकाशः (Record no. 301488)

MARC details
000 -LEADER
fixed length control field 01300nam a2200265Ia 4500
003 - CONTROL NUMBER IDENTIFIER
control field OSt
005 - DATE AND TIME OF LATEST TRANSACTION
control field 20220923211620.0
008 - FIXED-LENGTH DATA ELEMENTS--GENERAL INFORMATION
fixed length control field 220922b |||||||| |||| 00| 0 san d
037 ## - SOURCE OF ACQUISITION
Terms of availability Textual
040 ## - CATALOGING SOURCE
Original cataloging agency ARTS
Transcribing agency ARTS
Language of cataloging san
041 ## - LANGUAGE CODE
Source of code san
Language code of text/sound track or separate title san
100 ## - MAIN ENTRY--PERSONAL NAME
Personal name योगीन्दुदेव
9 (RLIN) 156945
245 #0 - TITLE STATEMENT
Title च्ंतंउंजउंचतंांें ूपजी जीम ेंदेातपज बवउउ इल ठतंीउंकमअं ंदक भ्पदकप जत इल क्ंनसंजंतंउं, ल्वहपदकनकमअं; परमात्मप्रकाशः
246 ## - VARYING FORM OF TITLE
Title proper/short title Chantanuanjauanchatanāanean ūpajī jīm eandeātapaj bavauu il ṭhatanīuankamaaan andak bhpadakap jat il kannasanjantanuan, lvahapadakanakamaaan; paramātmaprakāshah
260 ## - PUBLICATION, DISTRIBUTION, ETC.
Place of publication, distribution, etc. गुजरात
Name of publisher, distributor, etc. रावजी छगनभाई देसाई
Date of publication, distribution, etc. 1973
300 ## - PHYSICAL DESCRIPTION
Extent 396प0
Dimensions cm.
490 ## - SERIES STATEMENT
Series statement Rajachandra Jaina Shastramala
650 ## - SUBJECT ADDED ENTRY--TOPICAL TERM
Topical term or geographic name entry element आध्यात्मिक अनुभव और रहस्यवाद
942 ## - ADDED ENTRY ELEMENTS (KOHA)
Classification part Delta3, 1518L3
Koha item type Textual
Source of classification or shelving scheme Colon Classification (CC)
Holdings
Withdrawn status Lost status Damaged status Not for loan Home library Current library Date acquired Total Checkouts Full call number Barcode Date last seen Price effective from Koha item type
        Arts Library Arts Library 2022-09-23   Delta3 1518L3 AL0606516 2022-09-23 2022-09-23 Textual
Copyright @ Delhi University Library System